|
|
|
|
| LEADER |
00778cam a2200241 7i4500 |
| 001 |
0000036214 |
| 005 |
20191212090000.0 |
| 007 |
##ta |
| 008 |
191212s1998 myw l 00 may |
| 020 |
# |
# |
|a 9677006673
|
| 040 |
# |
# |
|a MATR
|
| 090 |
0 |
0 |
|a B 344.59504232
|b MAL
|
| 110 |
1 |
# |
|a Malaysia
|
| 245 |
1 |
0 |
|a Akta Makanan 1983 dan Peraturan-Peraturan Makanan 1985, Akta 281 :
|b Semua Pindaan Hingga Jun, 1998.
|
| 264 |
# |
1 |
|a Kuala Lumpur:
|b MDC Publishers Printers,
|c 1998.
|
| 300 |
# |
# |
|a ii, 376 pages;
|c 26 cm.
|
| 336 |
# |
# |
|a text
|2 rdacontent
|
| 337 |
# |
# |
|a unmediated
|2 rdamedia
|
| 338 |
# |
# |
|a volume
|2 rdacarrier
|
| 490 |
1 |
# |
|a UNDANG-UNDANG MALAYSIA
|
| 650 |
# |
0 |
|a Food law and legislation --
|z Malaysia
|
| 710 |
1 |
# |
|a Malaysia
|
| 999 |
|
|
|a 0000037039
|b Book
|c Malaysia
|e Business Information Centre
|